| 000 | 00486nam a2200169Ia 4500 | ||
|---|---|---|---|
| 999 |
_c23272 _d23272 |
||
| 003 | OSt | ||
| 005 | 20200319102821.0 | ||
| 008 | 190216s9999||||xx |||||||||||||| ||und|| | ||
| 020 | _a9788187474210 | ||
| 040 | _coclc | ||
| 082 |
_a954 _bSRE/S |
||
| 100 |
_aSreekumar, T T _91777 |
||
| 245 | 0 |
_aCivil Samoohavum Edathupakshavum / _cT T Sreekumar |
|
| 260 |
_bOlive Publications, _c2007. _aKozhikoide: |
||
| 300 | _a145p | ||
| 942 |
_cBK _2ddc _h954 _iSRE/C _k954 _mSRE/C |
||